Normal view
MARC view
- الرسم-جوانب نفسية. رسوم الأطفال- جوانب نفسية
Entry Topical Term
001 - CONTROL NUMBER
- control field: 22499
003 - CONTROL NUMBER IDENTIFIER
- control field: JO-AjAnu
005 - DATE AND TIME OF LATEST TRANSACTION
- control field: 20230606073901.0
008 - FIXED-LENGTH DATA ELEMENTS
- fixed length control field: 230606|| aca||aabn | a|a d
040 ## - CATALOGING SOURCE
- Original cataloging agency: JO-AjAnu
- Transcribing agency: JO-AjAnu
150 ## - HEADING--TOPICAL TERM
- Topical term or geographic name entry element: الرسم-جوانب نفسية. رسوم الأطفال- جوانب نفسية
670 ## - SOURCE DATA FOUND
- Source citation: Work cat.: (JO-AjAnu)11564: جودي،محمد حسين مؤلف/العبيدي،محمود رشيد مشرف لغوي, author 22498, الأبعاد التربوية والنفسية والجمالية في فنون الأطفال ودور البيئة في تنمية القدرات الإبداعية لديهم وبناء شخصيتهم الوطنية والقومية في الفن